La violencia sexual y su representación en la prensa
Salvato in:
| Autore principale: | |
|---|---|
| Natura: | Libro |
| Lingua: | spagnolo |
| Pubblicazione: |
Barcelona
Anthropos
2003
|
| Edizione: | 1a. ed |
| Serie: | Cultura y Diferencia. Teoría Feminista y Cultura Contemporánea
Pensamiento Crítico-Pensamiento Utópico, 138 |
| Soggetti: | |
| Tags: |
Aggiungi Tag
Nessun Tag, puoi essere il primo ad aggiungerne!!
|
MARC
| LEADER | 00000nam a2200000 a 4500 | ||
|---|---|---|---|
| 001 | UCK4928 | ||
| 003 | CL-VaPUC | ||
| 008 | 050701e20030000SP |||||||||||||||||spa|d | ||
| 020 | |a 8476586701 | ||
| 082 | 0 | 4 | |a 305.42 |b FER |2 21 |
| 100 | 0 | |a Fernández Díaz, Natalia |e author |9 493564 | |
| 245 | 1 | 3 | |a La violencia sexual y su representación en la prensa |
| 250 | |a 1a. ed | ||
| 300 | |a 235 p | ||
| 942 | |c BK | ||
| 945 | |d 20050701 00:00:00 |a cmena | ||
| 260 | |a Barcelona |b Anthropos |c 2003 | ||
| 650 | 0 | |a Violencia sexual |9 329832 | |
| 650 | 0 | |a Mujeres |9 257649 | |
| 650 | 0 | |a Medios de comunicación |9 257206 | |
| 650 | 0 | |a Delitos sexuales |9 256093 | |
| 650 | 0 | |a Discriminación sexual |9 313877 | |
| 651 | 0 | |a España |9 254926 | |
| 583 | |a last modification |c 20050701 00:00:00 |k Rodrigo Vera | ||
| 490 | 0 | |a Cultura y Diferencia. Teoría Feminista y Cultura Contemporánea | |
| 490 | 0 | |a Pensamiento Crítico-Pensamiento Utópico, 138 | |
| 999 | |c 313636 |d 313634 | ||
| 952 | |0 0 |1 0 |4 0 |6 305_420000000000000_FER_2003 |7 0 |8 A |9 385094 |a BIBCUR |b BIBCUR |d 2019-11-22 |i 4142055 |l 1 |o 305.42 FER 2003 |p 4142055 |r 2025-04-22 |s 2022-06-07 |w 2019-11-22 |y BK |k PER | ||